Essentials of Business Environment (Record no. 3841)

MARC details
000 -LEADER
fixed length control field 00367nam a22001577a 4500
005 - DATE AND TIME OF LATEST TRANSACTION
control field 20180328123456.0
008 - FIXED-LENGTH DATA ELEMENTS--GENERAL INFORMATION
fixed length control field 160624b xxu||||| |||| 00| 0 eng d
041 ## - LANGUAGE CODE
Language code of text/sound track or separate title eng
082 ## - DEWEY DECIMAL CLASSIFICATION NUMBER
Item number 9587
Classification number 338.7
100 ## - MAIN ENTRY--AUTHOR NAME
Personal name Aswathappa, K
245 ## - TITLE STATEMENT
Title Essentials of Business Environment
260 ## - PUBLICATION, DISTRIBUTION, ETC. (IMPRINT)
Name of publisher HPH
Year of publication 2008
300 ## - PHYSICAL DESCRIPTION
Number of Pages 565
650 ## - SUBJECT ADDED ENTRY--TOPICAL TERM
Topical Term Management
942 ## - ADDED ENTRY ELEMENTS (KOHA)
Koha item type Books
Holdings
Lost status Damaged status Collection code Home library Current library Shelving location Date acquired Cost, normal purchase price Full call number Accession Number Koha item type
    MANAGEMENT JRU Library     24/06/2016 340.00 338.7 9587 Books